Tarbes - Choix Multiples - Statistiques

Statistiques générales
  • Ce quiz a été pris 73 fois
  • Le résultat moyen est 7 sur 10
Statistiques - réponses
Question Réponse % Correct
Tarbes est le chef-lieu de quel comté historique ? La Bigorre
87%
Cette usine est située dans un quartier réputé pour son cinéma, ses bars et animations. Comment s'appelle-t-il ? L'Arsenal
85%
Tarbes possède également un jardin public très apprécié pour son musée et ses paons. C'est le jardin... Massey
84%
Cet auteur connu pour "Le Capitaine Fracasse" ou "Le Roman de la Momie" est né à Tarbes. Théophile Gautier
82%
Cliquez sur l'image associée à la spécialité de la ville de Tarbes
77%
Quel autre cours d'eau important traverse Tarbes ? L'Échez
72%
Le stade de la ville porte le nom d'un ancien maire, déporté et décédé à Buchenwald en 1944 pour avoir aidé des Juifs. Duquel s'agit-il ? Maurice Trélut
69%
Les Forges de Tarbes représentent la dernière usine française à produire... Des corps d'obus.
67%
La ville possède un chemin bordant le fleuve la traversant, il s'agit du ....Adour. Camin
66%
Quel lieu historique de la ville a été créé en 1806 par Napoléon Ier ? Le Haras de Tarbes
59%
Aucun quiz correspondant
Distribution des résultats
% des personnes avec chaque résultat
Percentile par nombre de réponses
Votre historique - résultats
Vous n’avez pas pris ce quiz